Potenciál využitia fotovoltickej energie v Trnave, Slovensko

Saved in:
Bibliographic Details
Main Author: Bartek, Marcel (Author)
Other Authors: Wachter, Igor (Thesis advisor)
Format: Manuscript Book
Language:Slovak
Published: 2023
Subjects:
Online Access:http://is.stuba.sk/zp/portal_zp.pl?podrobnosti=170691
Tags: Add Tag
No Tags, Be the first to tag this record!

MARC

LEADER 00000ntm a22000003a 4500
001 stuzp94645
003 SK-STU
005 20230909222737.8
007 ta
008 150427s2015----xo-----f-mn---000-0-slo-d
040 |a STU  |b slo 
041 0 |a slo 
100 1 |a Bartek, Marcel  |u 065000  |4 aut  |U MTF Materiálovotechnologická fakulta  |T MTF Ústav integrovanej bezpečnosti  |X 99674  |U M5000  |Y 85  |7 99674 
242 0 1 |a The potential of using photovoltaic energy in Trnava, Slovakia  |y eng 
245 1 0 |a Potenciál využitia fotovoltickej energie v Trnave, Slovensko 
260 |c 2023 
650 4 |a fotovoltické panely  |2 slo 
650 4 |a klimatická zmena  |2 slo 
650 4 |a Sentinel 2  |2 slo 
650 4 |a solárna energia  |2 slo 
650 4 |a climate change  |2 eng 
650 4 |a solar energy  |2 eng 
650 4 |a photovoltaic panels  |2 eng 
650 4 |a Sentinel 2  |2 eng 
700 1 |a Wachter, Igor  |u 065000  |k Z2  |4 ths  |U MTF Materiálovotechnologická fakulta  |T MTF Ústav integrovanej bezpečnosti  |X 66051  |U M5000  |Y 85  |7 A000066051 
856 4 |u http://is.stuba.sk/zp/portal_zp.pl?podrobnosti=170691 
996 |c M* DP-15087  |l MMSKP  |s P  |a 0  |w stuzp94645_0001